Избранные произведения: в 2 т.; Т. 2.

Detalles Bibliográficos
Autor principal: Антонов С. П. Сергей Петрович
Sumario:Исключено из фонда НТБ ТПУ
Lenguaje:ruso
Publicado: Москва, Художественная литература, 1979
Formato: MixedMaterials Libro
KOHA link:https://koha.lib.tpu.ru/cgi-bin/koha/opac-detail.pl?biblionumber=132262

MARC

LEADER 00000nam0a2200000 4500
001 132262
005 20231031134800.0
035 |a (RuTPU)RU\TPU\book\143209 
035 |a RU\TPU\book\143208 
090 |a 132262 
100 |a 20080228d1979 m y0rusy50 ca 
101 0 |a rus 
102 |a RU 
105 |a y z 000ay 
200 1 |a Избранные произведения  |e в 2 т.  |h Т. 2.  |f С. П. Антонов 
210 |a Москва  |c Художественная литература  |d 1979 
215 |a 429 с. 
333 |a Исключено из фонда НТБ ТПУ 
675 |a Р2  |v 3 
700 1 |a Антонов  |b С. П.  |g Сергей Петрович 
801 1 |a RU  |b 63413507  |c 20080228  |g PSBO 
801 2 |a RU  |b 63413507  |c 20221121  |g PSBO 
942 |c BK